Playhouse Disney/ Disney Junior Characters: Letter S - Statistics

General Stats
  • This quiz has been taken 11 times
  • The average score is 5 of 9
Answer Stats
Picture Answer % Correct
Sofia
100%
Stuffy
80%
Stanley
70%
Scott
60%
Skully
60%
Squeeze
50%
Smitty
40%
Stretch
40%
Sharky
20%
No matching quizzes found
Score Distribution
Percent of People with Each Score
Percentile by Number Answered
Your Score History
You have not taken this quiz